[Event "Let's Play Chess!"]
[Site "http://www.queenalice.com/game.php?id=1766058"]
[Date "2021.8.6"]
[Round "-"]
[White "Olavio"]
[Black "Rabsake"]
[Result "1-0"]
[WhiteElo "1969"]
[BlackElo "1115"]

1. e4 e5 2. Nf3 Qf6 3. Be2 d6 4. Bc4 Nc6 5. d3 a6 6. h4 Bg4 7. Nbd2 O-O-O 8. c3
Nh6 9. Qa4 Bxf3 10. Nxf3 Ng4 11. Bd5 h6 12. Rh3 h5 13. Bg5 Qg6 14. Bxd8 Kxd8 15.
Bxc6 Kc8 16. Bd5 f6 17. Rg3 f5 18. exf5 Qxf5 19. Qe8# 1-0

[Event "Let's Play Chess!"]
[Site "http://www.queenalice.com/game.php?id=1766327"]
[Date "2021.8.7"]
[Round "-"]
[White "charles31"]
[Black "Rabsake"]
[Result "1-0"]
[WhiteElo "1651"]
[BlackElo "1115"]

1. Nc3 e5 2. e4 Nf6 3. a3 Bc5 4. Bb5 a6 5. Ba4 O-O 6. d3 c6 7. Be3 b6 8. Bxc5
bxc5 9. Bb3 Re8 10. Nh3 Ra7 11. Ng5 d5 12. exd5 Nxd5 13. Qd2 Bf5 14. h3 Nf4 15.
Bxf7+ Kh8 16. Bxe8 Qxe8 17. g3 Qe7 18. gxf4 exf4+ 19. Nge4 f3 20. Qf4 Qe6 21.
Qxb8+ Qg8 22. Qxa7 g6 23. O-O-O 1-0

[Event "Let's Play Chess!"]
[Site "http://www.queenalice.com/game.php?id=1767078"]
[Date "2021.8.17"]
[Round "-"]
[White "Rabsake"]
[Black "charles31"]
[Result "0-1"]
[WhiteElo "1114"]
[BlackElo "1645"]

1. e4 e5 2. Nf3 d6 3. Nc3 a6 4. Bc4 h6 5. d3 Nf6 6. Be3 Bg4 7. h3 Bh5 8. g4 Bg6
9. g5 hxg5 10. Nxg5 Be7 11. h4 Bh5 12. f3 Nh7 13. Qe2 Qd7 14. O-O-O Nxg5 15.
hxg5 Nc6 16. Kb1 O-O-O 17. Rhg1 Qh3 18. Rdf1 Bg6 19. Rh1 Qd7 0-1

[Event "Let's Play Chess!"]
[Site "http://www.queenalice.com/game.php?id=1769826"]
[Date "2021.9.14"]
[Round "-"]
[White "Rabsake"]
[Black "igorjava"]
[Result "0-1"]
[WhiteElo "1114"]
[BlackElo "1915"]

1. d4 d5 2. Nc3 Nf6 3. Nf3 h6 4. Ne5 e6 5. Bf4 c5 6. e3 c4 7. f3 Nc6 8. e4 a6 9.
exd5 exd5 10. Qd2 Bb4 11. O-O-O Nxe5 12. Bxe5 O-O 13. g4 Nd7 14. f4 f6 15. Bd6
Re8 16. Bxb4 a5 17. Bc5 b6 18. Bd6 Nf8 19. Ba3 Bxg4 20. Ne2 b5 21. Rg1 Bh5 22.
Re1 b4 23. Bxb4 axb4 24. Kb1 Qa5 25. f5 Qxa2+ 26. Kc1 Qa1# 0-1

[Event "Let's Play Chess!"]
[Site "http://www.queenalice.com/game.php?id=1772609"]
[Date "2021.10.18"]
[Round "-"]
[White "Rabsake"]
[Black "igorjava"]
[Result "0-1"]
[WhiteElo "1100"]
[BlackElo "1997"]

1. d4 d5 2. e3 Nf6 3. Nf3 Bg4 4. Nc3 e6 5. h3 Bh5 6. g4 Bg6 7. Bd3 Ne4 8. h4 f5
9. gxf5 Bxf5 10. Ne5 Qf6 11. f3 Ng3 12. Rg1 Qxh4 13. Nb5 Ne4+ 14. Kf1 Qf2# 0-1

[Event "Let's Play Chess!"]
[Site "http://www.queenalice.com/game.php?id=1772613"]
[Date "2021.10.20"]
[Round "-"]
[White "bobifixer"]
[Black "Rabsake"]
[Result "1-0"]
[WhiteElo "1962"]
[BlackElo "1100"]

1. Nf3 Nc6 2. d4 d5 3. g3 Nf6 4. Bg2 Ne4 5. O-O f6 6. h4 Bg4 7. Bf4 e5 8. dxe5
fxe5 9. Nxe5 Bf5 10. Nxc6 bxc6 11. Nd2 Bc5 12. Nxe4 Bb6 13. Ng5 O-O 14. c3 c5
15. Bxd5+ Kh8 16. Nf7+ Rxf7 17. Bxf7 Qxd1 18. Raxd1 g6 19. Be5# 1-0

[Event "Let's Play Chess!"]
[Site "http://www.queenalice.com/game.php?id=1774544"]
[Date "2021.11.12"]
[Round "-"]
[White "charles31"]
[Black "Rabsake"]
[Result "1-0"]
[WhiteElo "1650"]
[BlackElo "1100"]

1. e4 e5 2. d4 d6 3. d5 Nf6 4. h3 Nxe4 5. Nd2 Nf6 6. Ngf3 Nxd5 7. Bc4 Be6 8. Bb3
Nc6 9. Ne4 f5 10. Bxd5 Qe7 11. Bxe6 Qxe6 12. Nc3 Nd4 13. Bg5 Be7 14. Bxe7 Qxe7
15. Nd5 Qd7 16. Nxd4 exd4 17. Qxd4 O-O-O 18. O-O-O Kb8 19. Rhe1 Rde8 20. Rxe8+
Qxe8 21. Qxg7 Qg8 22. Qxc7+ 1-0

[Event "Challenge"]
[Site "http://www.queenalice.com/game.php?id=1779234"]
[Date "2022.1.4"]
[Round "-"]
[White "tikar15"]
[Black "Rabsake"]
[Result "1-0"]
[WhiteElo "1122"]
[BlackElo "1097"]

1. d4 d5 2. h3 e6 3. a3 Nc6 4. Nf3 Nf6 5. e3 Ne4 6. Bd3 Bd6 7. O-O O-O 8. Nc3 a6
9. Nxe4 dxe4 10. Bxe4 e5 11. dxe5 Bc5 12. Qd3 b5 13. Bxc6 Rb8 14. Nd4 Bxd4 15.
exd4 Rb6 16. Be4 a5 17. Bxh7+ Kh8 18. Be3 g6 19. Bxg6 Kg7 20. Bh5 b4 21. Qe4 Re6
22. d5 Re7 23. e6 Rh8 24. Bd4+ f6 25. Qg6+ 1-0

[Event "Challenge"]
[Site "http://www.queenalice.com/game.php?id=1779235"]
[Date "2022.1.4"]
[Round "-"]
[White "Rabsake"]
[Black "tikar15"]
[Result "0-1"]
[WhiteElo "1115"]
[BlackElo "1099"]

1. d4 d5 2. Nc3 e6 3. e3 a6 4. e4 dxe4 5. Nxe4 h6 6. Nf3 Nf6 7. Bd3 Nc6 8. Be3
Nb4 9. Qd2 Nxd3+ 10. cxd3 c6 11. O-O Be7 12. a3 O-O 13. b4 Nd5 14. Rac1 a5 15.
Ne5 axb4 16. a4 Rxa4 17. Nc5 Bxc5 18. dxc5 Nc3 19. Ra1 Qa5 20. d4 Rxa1 0-1

[Event "Challenge"]
[Site "http://www.queenalice.com/game.php?id=1812462"]
[Date "2023.5.24"]
[Round "-"]
[White "Rabsake"]
[Black "Aquarebel"]
[Result "0-1"]
[WhiteElo "1107"]
[BlackElo "1447"]

1. d4 d6 2. e4 e5 3. dxe5 dxe5 4. Bc4 Qxd1+ 5. Kxd1 Ne7 6. Nf3 Bg4 7. Be3 Bxf3+
8. gxf3 Nec6 9. f4 Bd6 10. fxe5 Nxe5 11. Bd5 c6 12. Bb3 O-O 13. f4 Ng4 14. Ke2
Nd7 15. h3 Ngf6 16. Nc3 Nh5 17. e5 Ng3+ 18. Kf2 Nxh1+ 0-1